000 00351cam a2200145ua 4500
041 _aeng
_h
082 _a828.09
_bOGD/BE
100 _aOyden, C K .
245 _aBentham`s theory of fictions /
_cC K Oyden.
_hTextual Documents
260 _aLondon :
_bKegen paul ,
_c1932.
300 _a161 ; .
504 _a
942 _cBK
999 _c5358
_d5358